000 00815nam a2200217 a 4500
003 0
005 20250213102255.0
008 120718s19uu xx 00 eng d
050 _aPGS SF 433
_b.L184 2012
100 _aLahtinen, Maija L.
245 _aDog ownership and sense of responsibility of SISC Grade 5 students /
_cMaija L. Lahtinen.
260 _aLas Piñas City, Philippines :
_bSouthville International School and Colleges,
_c2012.
300 _a28 pages :
_billustrations ;
_c28 cm.
504 _aIncludes bibliographical references.
650 _aPets
_vEffect on children’s behavior
650 _aChild development
_vEffects of pet ownership.
650 _aHuman-animal relationships in children.
650 _aPets
_vPsychological aspects.
650 _aDogs
_vOwnership.
942 _2lcc
_cPASS
999 _c98706
_d98706